000 00304nam a2200097Ia 4500
001 1201703
005 20250827022636.0
008 250824s9999 xx 000 0 und d
245 0 _aTÜRKÇE İNGİLİZCE RESİMLİ ANSİKLOPEDİK SÖZLÜK
_cİRFAN UĞURLU
260 _bMİLLİ EĞİTİM BAKANLIĞI YAYINLARI
999 _c1201703
_d1201703